Podsistema planirovanija truda i zarabotnoj platy v ASUP

Saved in:
Bibliographic Details
Main Author: Ignatovič, Arkadij Aleksandrovič
Other Authors: Paškevič, Bogdan Vukent'jevič
Format: Book
Language:Russian
Published: Moskva Ekonomika 1976
Tags: Add Tag
No Tags, Be the first to tag this record!

MARC

LEADER 00000nam a2200000 4500
001 c111336
005 20041019155149.4
041 0 |a rus 
044 |a RU 
245 1 0 |a Podsistema planirovanija truda i zarabotnoj platy v ASUP  |c Arkadij Aleksandrovič Ignatovič, Bogdan Vikenťjevič Paškevič 
264 1 |a Moskva  |b Ekonomika  |c 1976 
300 |a 141 s. 
100 1 |a Ignatovič, Arkadij Aleksandrovič 
700 1 |a Paškevič, Bogdan Vukent'jevič